000 00511nam a22002177a 4500
003 UA-OsUOA
001 50939
007 ta
008 20071128b un ||||| |||| 00| 0 ukr d
100 _aМиллер Д.
090 _a32
_bМ-12
942 _cSA
040 _aUA-OsUOA
_brus
_cUA-OsUOA
_dUA-OsUOA
245 _aИммигранты, нации и гражданство
300 _aС.142-158
955 _a0
041 _arus
080 _a32
773 0 _w50938
650 7 _a32 Політика
_2UDC
999 _c337031
_d337031